U.S. States That Have An NBA Team - Sudden Death - Statistics

General Stats
  • This quiz has been taken 26 times
  • The average score is 11 of 21
Answers on the Grid
Answers color-coded by a green-red scale on the quiz's grid according to % correct below.
Alabama
Alaska
Arizona
Arkansas
California
Colorado
Connecticut
Delaware
Florida
Georgia
Hawaii
Idaho
Illinois
Indiana
Iowa
Kansas
Kentucky
Louisiana
Maine
Maryland
Massachusetts
Michigan
Minnesota
Mississippi
Missouri
Montana
Nebraska
Nevada
New Hampshire
New Jersey
New Mexico
New York
North Carolina
North Dakota
Ohio
Oklahoma
Oregon
Pennsylvania
Rhode Island
South Carolina
South Dakota
Tennessee
Texas
Utah
Vermont
Virginia
Washington
West Virginia
Wisconsin
Wyoming
 
Answer Stats
Answer % Correct
Colorado
91%
California
82%
Illinois
82%
Indiana
82%
Florida
73%
Minnesota
73%
Arizona
64%
Georgia
64%
Michigan
64%
New York
55%
Ohio
55%
Texas
55%
Louisiana
45%
Massachusetts
45%
North Carolina
36%
Pennsylvania
36%
Tennessee
36%
Utah
36%
Wisconsin
27%
Oklahoma
18%
Oregon
9%
No matching quizzes found
Score Distribution
Percent of People with Each Score
Percentile by Number Answered
Your Score History
You have not taken this quiz